000 00359nam a2200133Ia 4500
005 20260326100048.0
008 260326s9999||||xx |||||||||||||| ||und||
100 _aFernández, Angel Luis
245 0 _aLos Asentamientos Humanos en Cuba /
_cAngel Luis Fernández
260 _bIntituto Cubano del Libro
300 _a98 p.
650 _aURBANISMO
942 _cBK
999 _c7283
_d7283